Wiese
Gardado en:
| Autor Principal: | |
|---|---|
| Formato: | Libro |
| Idioma: | Lingua castelá |
| Publicado: |
Ciudad de México
Fondo de Cultura Económica
1943
|
| Series: | Grandes Sociólogos Modernos. Sección de Obras de Sociología
|
| Subjects: | |
| Tags: |
Engadir etiqueta
Sen Etiquetas, Sexa o primeiro en etiquetar este rexistro!
|
MARC
| LEADER | 00000nam a2200000 a 4500 | ||
|---|---|---|---|
| 001 | UCR0145 | ||
| 003 | CL-VaPUC | ||
| 008 | 971129e19430000MX |||||||||||||||||spa|d | ||
| 082 | 0 | 4 | |a 301 |b REC |2 21 |
| 100 | 0 | |a Recaséns Siches, Luis |e author |9 394390 | |
| 245 | 1 | 0 | |a Wiese |
| 300 | |a 199 p | ||
| 942 | |c BK | ||
| 945 | |d 19971129 00:00:00 |a cmena | ||
| 260 | |a Ciudad de México |b Fondo de Cultura Económica |c 1943 | ||
| 650 | 0 | |a Sociología |9 255410 | |
| 650 | 0 | |a Escuelas filosóficas |9 266232 | |
| 650 | 7 | |a FORMALISMO |2 CL-VaPUC |9 337281 | |
| 650 | 0 | |a Psicología social |9 222894 | |
| 650 | 0 | |a Naturalismo |9 346334 | |
| 583 | |a last modification |c 19971129 00:00:00 |k Rodrigo Vera | ||
| 490 | 0 | |a Grandes Sociólogos Modernos. Sección de Obras de Sociología | |
| 999 | |c 263797 |d 263795 | ||
| 952 | |0 0 |1 0 |4 0 |6 301_000000000000000_REC_1943 |7 0 |8 DER_TF |9 293270 |a BIBDER |b BIBDER |d 2019-11-19 |i 1907727 |o 301 REC 1943 |p 1907727 |r 2023-01-25 |w 2019-11-19 |x Ubicación 4to Piso |y BK |z Estos recursos deben solicitarse con anticipación |k DER | ||